Sports Quiz

Random Sports or NFL Quiz

NFL Teams' 1st Ever Draft Pick Quiz Stats

 Plays Quiz not verified by Sporcle

Score 0/32 Timer 07:00
0 Plays Today
Year Player % Correct
2002David Carr
91%
1995Kerry Collins
47.8%
1936Art Lewis
41.8%
1968Bob Johnson
38.8%
1936Riley Smith
38.8%
1995Tony Boselli
35.8%
1996Jonathan Ogden
34.3%
1976Lee Roy Selmon
29.9%
1961Tom Brown
22.4%
1936Jay Berwanger
20.9%
1966Tommy Nobis
16.4%
1961Bob Lilly
16.4%
1961Tommy Mason
6%
1961Tommy Mason
6%
1936Bill Shakespeare
4.5%
1961Ken Rice
3%
Year Player % Correct
1936Jimmy Lawrence
1.5%
1936Joe Stydahar
1.5%
1950Ken Carpenter
1.5%
1936Russ Letlow
1.5%
1953Billy Vessels
1.5%
1961E.J. Holub
1.5%
1966Jim Grabowski
1.5%
1967Les Kelley
1.5%
1936Sid Wagner
1.5%
1961Bob Gaiters
1.5%
1961Joe Rutgens
1.5%
1961Earl Faison
1.5%
1950Leo Nomellini
1.5%
1976Steve Niehaus
1.5%
1937Johnny Drake
1.5%
1961Mike Ditka
1.5%

You're not logged in!

Compare scores with friends on all Sporcle quizzes.
OR
Log In

You Might Also Like...

Show Comments

Extras

Created Jul 10, 2010ReportNominate
Tags:NFL Quiz, draft, ever, player, team

Top Quizzes Today


Score Distribution

Your Account Isn't Verified!

In order to create a playlist on Sporcle, you need to verify the email address you used during registration. Go to your Sporcle Settings to finish the process.

Report this User

Report this user for behavior that violates our Community Guidelines.

Details: